000 00314nam a2200133 i 4500
001 bg
100 1 _aJanicki, Janusz.
245 0 _aKlasy, państwo, naród, rewolucja /
_cJ. Janicki.
260 _aWarszawa,
_c1968.
040 _cBPK
041 _apol
942 _cKS
008 s pl f |000 0 pol
999 _c10329
_d10329
856 _uhttp://koha.tu.koszalin.pl/cgi-bin/koha/opac-detail.pl?biblionumber=10329
_yKatalog online BPK